000 00274nam a2200097Ia 4500
082 _aT 808.042 MART
245 0 _aYoung writers guide
100 _a MARTIN, R D Flinders Park, Australia, 2004 3rd ed
_923421
942 _cBK
008 210816s9999 xx 000 0 und d
999 _c94475
_d94474